000 01061nam a2200325Ia 4500
001 53319
003 IT-RoPAU
008 130308s9999 xx 000 0 und d
040 _aIT-RoPAU
040 _cIT-RoPAU
041 _aSPAGNOLO
100 _aMoles Abraham
100 _gCodice Aut. SPICS: 3668
240 _aINTEGRATION ET PERCEPTION
240 _gCodice Tit. Orig. Spics: 18223
245 _aIntegracion y percepcion-El mundo como representacion
245 _bComunicacion Y los Mass Media (La)
250 _a1a ed.
260 _aBILBAO
260 _bMensajero
260 _c1982 [1° Ed.:1982 - Ed.Ling.Originale:1971]
300 _a"20 p. (prefazione: no ; testo: 20 [pagine: 378-397])"
500 _aPercezione prodotto dell'Integrazione Antropomorfismo e Modelli integrazione nel Messaggio Modello Funzionale della Percezione integrazione Negli Organismi Sociali
650 _aENCICLOPEDIE DELLA COMUNICAZIONE SOCIALE
650 _eCodice materia Spics: 3801
942 _cBK
957 _71
999 _c43307
_d43307
999 _bSI
999 _g1